Влияния геолого-структурных особенностей массива на показатели БВР с прямыми врубами; Проблемы геологии и освоения недр; Т. 2

Bibliographic Details
Parent link:Проблемы геологии и освоения недр: труды XVI Международного симпозиума имени академика М. А. Усова студентов и молодых ученых, Томск, 2-7 апреля 2012 г./ Национальный исследовательский Томский политехнический университет (ТПУ), Институт природных ресурсов (ИПР) ; Общество инженеров-нефтяников, Студенческий чаптер ; под ред. О. Г. Савичева.— , 2012
Т. 2.— 2012.— [С. 357-358]
Main Author: Масловский А. Н. Алексей Николаевич
Other Authors: Лукьянов В. Г. Виктор Григорьевич (научный руководитель)
Summary:Заглавие с титульного листа
Language:Russian
Published: 2012
Series:Горное дело. Разработка рудных и нерудных полезных ископаемых
Subjects:
Online Access:http://www.lib.tpu.ru/fulltext/c/2012/C11/V2/159.pdf
Format: MixedMaterials Electronic Book Chapter
KOHA link:https://koha.lib.tpu.ru/cgi-bin/koha/opac-detail.pl?biblionumber=233892

MARC

LEADER 00000naa2a2200000 4500
001 233892
005 20260120132145.0
035 |a (RuTPU)RU\TPU\book\254974 
035 |a RU\TPU\book\254970 
090 |a 233892 
100 |a 20130313d2012 k y0rusy50 ca 
101 0 |a rus 
102 |a RU 
135 |a drcn ---uucaa 
181 0 |a i  
182 0 |a b 
200 1 |a Влияния геолого-структурных особенностей массива на показатели БВР с прямыми врубами  |f А. Н. Масловский  |g науч. рук. В. Г. Лукьянов 
203 |a Текст  |c электронный 
215 |a 1 файл (406 Кб) 
225 1 |a Горное дело. Разработка рудных и нерудных полезных ископаемых 
300 |a Заглавие с титульного листа 
320 |a [Библиогр.: с. 358 (5 назв.)] 
337 |a Adobe Reader 
461 1 |0 (RuTPU)RU\TPU\book\252494  |t Проблемы геологии и освоения недр  |o труды XVI Международного симпозиума имени академика М. А. Усова студентов и молодых ученых, Томск, 2-7 апреля 2012 г.  |o в 2 т.  |f Национальный исследовательский Томский политехнический университет (ТПУ), Институт природных ресурсов (ИПР) ; Общество инженеров-нефтяников, Студенческий чаптер ; под ред. О. Г. Савичева  |d 2012 
463 1 |0 (RuTPU)RU\TPU\book\252518  |t Т. 2  |v [С. 357-358]  |d 2012 
610 1 |a труды учёных ТПУ 
610 1 |a электронный ресурс 
610 1 |a геолого-структурные особенности 
610 1 |a горные массивы 
610 1 |a буровзрывные работы 
610 1 |a врубы 
700 1 |a Масловский  |b А. Н.  |g Алексей Николаевич 
702 1 |a Лукьянов  |b В. Г.  |c горный инженер  |c профессор Томского политехнического университета, доктор технических наук  |f 1930-  |g Виктор Григорьевич  |4 727 
801 1 |a RU  |b 63413507  |c 20130205 
801 2 |a RU  |b 63413507  |c 20130521  |g RCR 
856 4 |u http://www.lib.tpu.ru/fulltext/c/2012/C11/V2/159.pdf 
942 |c CF